[Event "IECC M1-2009.T109"]
[Site "IECC email"]
[Date "2009.11.13"]
[Round "?"]
[White "Synck, David"]
[Black "Urbaniak, Marcin"]
[Result "0-1"]
[WhiteElo "1309"]
[BlackElo "1489"]
[PlyCount "27"]
[EventDate "2009.??.??"]
[EventType "match (corr)"]
[SourceTitle "Corr 2013"]
[Source "ChessBase"]
[SourceDate "2012.11.12"]
[SourceVersion "1"]
[SourceVersionDate "2012.11.12"]
[SourceQuality "1"]
[WhiteTeam "US of America"]
[BlackTeam "Poland"]
[WhiteTeamCountry "USA"]
[BlackTeamCountry "POL"]

1. e4 e6 2. d4 d5 3. Nd2 c5 4. exd5 exd5 5. Ngf3 Nf6 6. Be2 Nc6 7. c3 cxd4 8. cxd4 Bd6 9. b3 0-0 10. Bb2 Re8 11. 0-0 Bf5 12. Re1 Nb4 13. Bb5 Rxe1+ 14. Nxe1 0-1

[Event "IECC M1-2009.T94"]
[Site "IECC email"]
[Date "2009.09.06"]
[Round "?"]
[White "Creaney, Brian Damian"]
[Black "Synck, David"]
[Result "1-0"]
[WhiteElo "1316"]
[BlackElo "1284"]
[PlyCount "105"]
[EventDate "2009.??.??"]
[EventType "match (corr)"]
[EventRounds "2"]
[SourceTitle "Telechess CBM 149"]
[Source "ChessBase"]
[SourceDate "2012.07.17"]
[SourceVersion "1"]
[SourceVersionDate "2012.07.17"]
[SourceQuality "1"]
[WhiteTeam "Scotland"]
[BlackTeam "US of America"]
[WhiteTeamCountry "SCO"]
[BlackTeamCountry "USA"]

1. e4 e5 2. Nc3 Nf6 3. g3 Nc6 4. b3 Be7 5. h4 d6 6. f4 b6 7. fxe5 dxe5 8. Nf3 Bg4 9. Rg1 0-0 10. Bb5 Nd4 11. Rf1 a6 12. Bc4 Qd7 13. a4 Nxf3+ 14. Rxf3 Bxf3 15. Qxf3 c6 16. Qf2 Bc5 17. Qf1 Qd4 18. Qd3 Qf2+ 19. Kd1 Rfd8 20. Qe2 Qg1+ 21. Qe1 Qxe1+ 22. Kxe1 Rd7 23. Bf1 a5 24. d3 Bb4 25. Bd2 Rad8 26. Bh3 Rd6 27. Ne2 g6 28. Bxb4 axb4 29. g4 Nd7 30. h5 g5 31. Ng3 Nc5 32. Rd1 Ne6 33. Nf5 R6d7 34. Kd2 Nf4 35. Bf1 f6 36. Nh6+ Kf8 37. Be2 Ne6 38. Rf1 Nd4 39. Nf5 Nxe2 40. Kxe2 b5 41. Ng3 Ra7 42. Rxf6+ Ke7 43. Rxc6 bxa4 44. bxa4 Rxa4 45. Nf5+ Ke8 46. Re6+ Kf8 47. Rxe5 Re8 48. Rc5 Rb8 49. e5 b3 50. cxb3 Ra2+ 51. Ke3 Rxb3 52. e6 Ke8 53. Rc8# 1-0

[Event "IECC O-3007"]
[Site "IECC email"]
[Date "2009.08.07"]
[Round "?"]
[White "Synck, David"]
[Black "D'Aragona, Vittoria"]
[Result "1-0"]
[WhiteElo "1300"]
[BlackElo "1991"]
[PlyCount "40"]
[EventDate "2009.??.??"]
[EventType "swiss (corr)"]
[EventRounds "2"]
[SourceTitle "Telechess CBM 137"]
[Source "ChessBase"]
[SourceDate "2010.07.15"]
[SourceVersion "1"]
[SourceVersionDate "2010.07.15"]
[SourceQuality "1"]
[WhiteTeam "US of America"]
[BlackTeam "Italy"]
[WhiteTeamCountry "USA"]
[BlackTeamCountry "ITA"]

1. c4 Nc6 2. Nf3 Nf6 3. d4 e6 4. Nbd2 Be7 5. e3 0-0 6. Bd3 Nb4 7. Be2 d5 8. b3 dxc4 9. bxc4 c5 10. Bb2 cxd4 11. exd4 Nh5 12. Ne5 Nf4 13. 0-0 Nc2 14. Rc1 Nxd4 15. Bxd4 Qxd4 16. Ndf3 Qxd1 17. Bxd1 f6 18. Ng4 Rd8 19. g3 Nd3 20. Rb1 e5 1-0

[Event "IECG TG.2006.0.15623"]
[Site "IECG email"]
[Date "2006.05.29"]
[Round "2"]
[White "Lewis, Bill"]
[Black "Synck, David"]
[Result "0-1"]
[WhiteElo "800"]
[BlackElo "800"]
[PlyCount "50"]
[EventDate "2006.05.29"]
[EventType "match (corr)"]
[EventRounds "2"]
[SourceTitle "Corr 2008"]
[Source "ChessBase"]
[SourceDate "2008.06.24"]
[SourceVersion "1"]
[SourceVersionDate "2008.06.24"]
[SourceQuality "1"]

1. e4 Nc6 2. Nf3 e5 3. Nc3 Nf6 4. Bc4 Be7 5. 0-0 0-0 6. d3 d6 7. h3 Nd4 8. Be3 c5 9. Nd5 Nxf3+ 10. Qxf3 Nxd5 11. Bxd5 Bg5 12. Rad1 Qe7 13. Qg3 Bxe3 14. Qxe3 a5 15. Qg3 Rb8 16. Rde1 b5 17. f4 b4 18. f5 Qf6 19. b3 Bd7 20. Qg4 Rb6 21. Re3 Bc6 22. h4 Qh6 23. Rg3 Bxd5 24. exd5 f6 25. Re1 Rf7 0-1

[Event "IECG TG.2006.0.15623"]
[Site "IECG email"]
[Date "2006.05.29"]
[Round "1"]
[White "Synck, David"]
[Black "Lewis, Bill"]
[Result "1-0"]
[WhiteElo "800"]
[BlackElo "800"]
[PlyCount "49"]
[EventDate "2006.05.29"]
[EventType "match (corr)"]
[EventRounds "2"]
[SourceTitle "Corr 2008"]
[Source "ChessBase"]
[SourceDate "2008.06.24"]
[SourceVersion "1"]
[SourceVersionDate "2008.06.24"]
[SourceQuality "1"]

1. e4 e5 2. Nf3 Nc6 3. b3 Nf6 4. Bb2 Nxe4 5. d3 Ng5 6. Nbd2 Bc5 7. Be2 d6 8. 0-0 Ne6 9. Ne4 0-0 10. Nxc5 Nxc5 11. c3 Ne6 12. d4 exd4 13. cxd4 d5 14. Rc1 Nf4 15. Ba3 Re8 16. Bd3 Bg4 17. h3 Bxf3 18. Qxf3 Qg5 19. Bb2 Nb4 20. Bc2 Re2 21. Qg4 Qxg4 22. hxg4 Nxc2 23. Ba1 Rae8 24. Bc3 h6 25. a4 1-0

[Event "IECG QN.2001.0.00176"]
[Site "IECG email"]
[Date "2001.04.21"]
[Round "?"]
[White "Synck, David"]
[Black "Frans, Alexander Ernest"]
[Result "0-1"]
[WhiteElo "800"]
[BlackElo "800"]
[PlyCount "64"]
[EventDate "2001.04.21"]
[EventType "tourn (corr)"]
[EventRounds "6"]
[SourceTitle "Corr 2008"]
[Source "ChessBase"]
[SourceDate "2008.06.24"]
[SourceVersion "1"]
[SourceVersionDate "2008.06.24"]
[SourceQuality "1"]

1. d4 d5 2. c4 e6 3. Nf3 Nf6 4. Nc3 g6 5. Bg5 Bg7 6. e3 b6 7. Bd3 Bb7 8. 0-0 Nbd7 9. b3 0-0 10. Ne5 a6 11. Qd2 dxc4 12. bxc4 c5 13. Rfc1 Qc7 14. Bf4 Nxe5 15. Bxe5 Qc6 16. e4 cxd4 17. Bxd4 Rfd8 18. Be3 Ng4 19. Bg5 Rd7 20. Qe2 Ne5 21. Rd1 f5 22. Rd2 Nf7 23. Rc1 Nxg5 24. Rdc2 Rad8 25. Nd5 exd5 26. cxd5 Qf6 27. f3 fxe4 28. fxe4 Re8 29. Qg4 Rf7 30. Rc7 Qf2+ 31. Kh1 Rxc7 32. Rxc7 Qe1+ 0-1